Report on the water resources of Connecticut, (Record no. 26702)

MARC details
000 -LEADER
fixed length control field 00789cam a22002291 4500
001 - CONTROL NUMBER
control field gs 29000072
003 - CONTROL NUMBER IDENTIFIER
control field DLC
005 - DATE AND TIME OF LATEST TRANSACTION
control field 20260227111333.0
008 - FIXED-LENGTH DATA ELEMENTS--GENERAL INFORMATION
fixed length control field 750917s1928 xx s000 0 eng
010 ## - LIBRARY OF CONGRESS CONTROL NUMBER
LC control number gs 29000072
035 ## - SYSTEM CONTROL NUMBER
System control number (OCoLC)1630333
040 ## - CATALOGING SOURCE
Original cataloging agency DLC
Transcribing agency CtHT
Modifying agency DLC
042 ## - AUTHENTICATION CODE
Authentication code premarc
050 00 - LIBRARY OF CONGRESS CALL NUMBER
Classification number GB705.C8
Item number S8
100 1# - MAIN ENTRY--PERSONAL NAME
Personal name Suttie, Roscoe Henry.
245 10 - TITLE STATEMENT
Title Report on the water resources of Connecticut,
Statement of responsibility, etc. by Roscos [!] Henry Suttie.
260 ## - PUBLICATION, DISTRIBUTION, ETC.
Place of publication, distribution, etc. Hartford,
Name of publisher, distributor, etc. Printed by the State geological and natural history survey,
Date of publication, distribution, etc. 1928.
300 ## - PHYSICAL DESCRIPTION
Extent 168 p. incl. tables.
Dimensions 28 cm.
410 20 - SERIES STATEMENT/ADDED ENTRY--CORPORATE NAME [OBSOLETE, CAN/MARC], [LOCAL, USA]
Corporate name or jurisdiction name as entry element State Geological and Natural History Survey of Connecticut.
Title of a work Bulletin
Volume number/sequential designation no. 44
500 ## - GENERAL NOTE
General note State of Connecticut. Public document no. 47.
650 #0 - SUBJECT ADDED ENTRY--TOPICAL TERM
Topical term or geographic name entry element Water-supply
Geographic subdivision Connecticut.

No items available.

Powered by Koha